Match the Oceanian Countries with their Capital and Flag (Click Quiz) - Statistics

General Stats
  • This quiz has been taken 54 times
  • The average score is 18 of 28
Answer Stats
Hint Answer % Correct
Capital of Australia Canberra
90%
Flag of Australia
90%
Flag of Papua New Guinea
90%
Flag of Micronesia
85%
Flag of New Zealand
80%
Flag of Palau
80%
Flag of Tonga
80%
Capital of Papua New Guinea Port Moresby
80%
Capital of New Zealand Wellington
75%
Flag of Kiribati
70%
Flag of Tuvalu
70%
Flag of Fiji
65%
Flag of the Solomon Islands
65%
Flag of Vanuatu
65%
Flag of Samoa
65%
Capital of Micronesia Palikir
65%
Capital of Fiji Suva
65%
Flag of the Marshall Islands
60%
Flag of Nauru
60%
Capital of Tonga Nuku'alofa
60%
Capital of Kiribati South Tarawa
55%
Capital of Samoa Apia
50%
Capital of Tuvalu Funafuti
50%
Capital of Palau Ngerulmud
50%
Capital of the Marshall Islands Majuro
45%
Capital of Vanuatu Port Vila
45%
Capital of the Solomon Islands Honiara
40%
Capital of Nauru Yaren
40%
No matching quizzes found
Score Distribution
Percent of People with Each Score
Percentile by Number Answered
Your Score History
You have not taken this quiz